| 000 | 00335nam a2200133Ia 4500 | ||
|---|---|---|---|
| 005 | 20260328104319.0 | ||
| 008 | 260328s9999||||xx |||||||||||||| ||und|| | ||
| 100 | _aMolliere, Bruno | ||
| 245 | 0 |
_aLa Perspectiva en Urban Sketching / _cBruno Molliere |
|
| 260 | _bGustavo Gili | ||
| 300 | _a90 p. | ||
| 650 | _aPERSPECTIVA | ||
| 942 | _cBK | ||
| 999 |
_c11289 _d11289 |
||